000 00541ntaaa2200205 4500
003 01
005 20251027203157.0
008 0714s1973 ag 01
020 _a1560634693
040 _aAR-BaBN
_bspa
_cAR-BaBN
_eaacr
_dRIC
082 _a248.4 An22v
100 _aAnderson, Neil T.
_932676
245 _aVictoria sobre la oscuridad
250 _a1 ed.
260 _aMiami :
_bEditorial Unilit,
_c1990
300 _a235 p. ;
_cilust. 21 cm.
650 _aVIDA CRISTIANA
650 _aFE
_91848
650 _aRELACIONES INTERPERSONALES
_96792
999 _c27234
_d27234